Statistics for Country Transits: Closest Countries to Malaysia by Starting Letter

Click here to take the quiz!

General Stats

  • This quiz has been taken 234 times
  • The average score is 18 of 24

Answer Stats

LetterCountry% Correct
IIndonesia (1)
96%
CCambodia (2)
92%
TThailand (1)
92%
BBrunei (1)
91%
VVietnam (3)
89%
LLaos (2)
87%
NNepal-North Korea (4)
82%
OOman (8)
82%
YYemen (8)
82%
QQatar (8)
80%
ZZambia (13)
80%
RRussia (4)
75%
SSri Lanka (4) or South Korea (5)
75%
UUkraine-Uzbekistan (5)
74%
AAfghanistan (4)
72%
JJordan (7)
69%
EEast Timor (2)
68%
KKazakhstan-Kyrgyzstan (4)
68%
MMongolia (4)
66%
DDenmark (7)
63%
HHungary (6)
60%
FFinland (5)
59%
GGeorgia (5)
59%
PPapua New Guinea (2)
57%

Score Distribution

Percentile by Number Answered

Percent of People with Each Score

Your Score History

You have not taken this quiz